Sports Quiz

Random Sports or Soccer Quiz

Les plus gros dribbleurs en L1 2019/2010 Quiz Stats

 Plays Quiz not verified by Sporcle

Support Sporcle.
Go Orange.
Score 0/32 Timer 15:00
0 Plays Today
Equipe et Poste Joueur % Correct
Paris S-G - Milieu AttaquantNeymar
98.8%
Paris S-G - AttaquantKylian Mbappé
96.4%
Paris S-G - Milieu AttaquantÁngel Di María
93.3%
Marseille - AttaquantDimitri Payet
76.9%
Lyon - MilieuHoussem Aouar
73.1%
Lille - Milieu AttaquantJonathan Ikone
69.1%
Marseille - DéfenseurBouna Sarr
57.6%
Montpellier - AttaquantAndy Delort
56.1%
Marseille - MilieuMorgan Sanson
55.2%
Nantes - Milieu AttaquantAbdoul Kader Bamba
55%
Lille - Milieu AttaquantJonathan Bamba
55%
Saint-Étienne - AttaquantDenis Bouanga
52.1%
Toulouse - AttaquantMax-Alain Gradel
48.7%
Montpellier - AttaquantGaëtan Laborde
47.1%
Bordeaux - AttaquantNicolas de Préville
45.4%
Monaco - MilieuAleksandr Golovin
45.4%
Equipe et Poste Joueur % Correct
Nice - DéfenseurYoucef Atal
37%
Monaco - AttaquantGelson Martins
33.4%
Lille - Milieu AttaquantRenato Sanches
30.6%
Nantes - Milieu AttaquantMoses Simon
29.4%
Rennes - Milieu AttaquantRaphael Dias Belloli
29.4%
Metz - AttaquantOpa Nguette
28.3%
Amiens - MilieuGaël Kakuta
27.7%
Bordeaux - AttaquantSamuel Kalu
22.9%
Nîmes - Milieu AttaquantZinedine Ferhat
22.3%
Nantes - Milieu AttaquantLudovic Blas
20.9%
Dijon - Milieu AttaquantMounir Chouiar
19.8%
Nice - Milieu AttaquantAlexis Claude-Maurice
16.4%
Angers - MilieuAngelo Fulgini
13.1%
Angers - Milieu AttaquantSada Thioub
12.7%
Reims - Milieu AttaquantMoussa Doumbia
9.2%
Dijon - Milieu AttaquantStephy Mavididi
9.1%

You're not logged in!

Compare scores with friends on all Sporcle quizzes.
OR
Log In

From the Vault

TV Theme Songs by Two Words

by Hullabaloo

Don't worry if these are the only two words you know, just mumble your way through the rest.
Remove Ads.
Support Sporcle.
Get the best of Sporcle when you Go Orange. This ad-free experience offers more features, more stats, and more fun while also helping to support Sporcle. Thank you for becoming a member.

Show Comments

Extras

Created Apr 30, 2020ReportNominate
Tags:Soccer Quiz, Ligue 1

Top Quizzes Today


Score Distribution

Your Account Isn't Verified!

In order to create a playlist on Sporcle, you need to verify the email address you used during registration. Go to your Sporcle Settings to finish the process.

Report this User

Report this user for behavior that violates our Community Guidelines.

Details: